Türkei. Schnittpunkt der Zivilisationen

Bibliographic Details
Format: Book
Language:German
PhysicalDescription:32 s. ilustr. 28 cm
Published: Istanbul Das Aussenministerium der Republik Türkei p2001
Edition:[1. Aufl.]
Subjects:

MARC

LEADER 00000cam a2200000 a 4500
001 vtls001462676
003 SK-MaSNL
005 20260301190950.0
008 031104s2001 tu a 00100 ger
035 |a SNK000417982 
040 |a SNK  |b slo  |c SNK  |e AACR2 
041 0 |a ger 
044 |a tu  |c TR 
072 7 |a 913(5)  |x Geografia Ázie, reálie, cestovanie  |2 konspekt 
080 |a 908(560)  |2 1981 
080 |a (048.8)  |2 1981 
245 1 |a Türkei. Schnittpunkt der Zivilisationen 
246 1 4 |a Die Republik Türkei 
250 |a [1. Aufl.] 
260 |a Istanbul  |b Das Aussenministerium der Republik Türkei  |c p2001 
300 |a 32 s.  |b ilustr.  |c 28 cm 
500 |a Na obale uvedený názov: Die Republik Türkei 
651 7 |a Turecko  |2 SNKPHgeo  |9 16927 
655 7 |a prehľady  |2 SNKPH  |9 70194 
999 |c 869421  |d 871351 
952 |t P60, <04>, [BOOK], {604}  |a SNK  |b SNK  |y VYP  |7 0  |p 17A0412431  |o snkIB 70631  |i snkV 345/2004  |g 6.64  |0 0  |1 0  |4 0  |d 2003-11-04  |l 0  |r 2005-01-02 00:00:00  |w 2026-02-24